000 00532cam a2200217 4500
001 D57
008 090401t1982 xxu||||| |||| 00| 0 eng d
035 _a(Sirsi) u34127
041 _aeng
050 _a346.410434
_c18
100 _aWalton
_eSir, Raymond
245 _aAdkin's landlord and tenant
250 _a18th
260 _aLondon
_bEstates Gazette
_c1982
300 _axxxiii, 440p.
_c22cm
350 _a15.50
690 _aLandlord and tenant
_96252
700 _aEssayan, Michael
942 _n0
948 _c04/03/1997
999 _c89908
_d89908